| 000 | 00394nam a22001577a 4500 | ||
|---|---|---|---|
| 008 | 250318b |||||||| |||| 00| 0 eng d | ||
| 020 | _a97803333323778121 | ||
| 050 |
_aRK60.5 _b.R63 |
||
| 100 | _aRobinson Debble S. | ||
| 245 | _aStudent workshop essentials of dental assisting | ||
| 250 | _a7th | ||
| 260 |
_bElsevier _c2023 |
||
| 300 | _ax,325p | ||
| 650 | _aDental assistant | ||
| 942 | _cBK | ||
| 999 |
_c2423 _d2423 |
||